Score 0/24 Timer 03:00
0 Plays Today
Hint Answer % Correct
Samuel L. JacksonPulp
97.1%
Christoph WaltzBasterds
95.7%
Samuel L. JacksonSnakes
94.6%
Jamie FoxxVice
94.1%
Kerry WashingtonSmith
92.4%
Leonardo DiCaprioGatsby
89.3%
Jamie FoxxAbiding
88.6%
Leonardo DiCaprioGangs
86.1%
Leonardo DiCaprioGilbert
84.5%
Kerry WashingtonFour
81.4%
Christoph WaltzWater
80.4%
Jamie FoxxSunday
78.4%
Hint Answer % Correct
Don JohnsonWhen
76.7%
Kerry WashingtonScotland
74.1%
Leonardo DiCaprioShutter
73.6%
Jamie FoxxWhite
66.7%
Samuel L. JacksonBrown
62.5%
Samuel L. JacksonGoodnight
59.8%
Don JohnsonSin
57.8%
Don JohnsonCup
54.6%
Kerry WashingtonUnited
50.1%
Christoph WaltzMusketeers
44.6%
Christoph WaltzHornet
33.3%
Don JohnsonMarlboro
28.1%

Today's Daily Dose

Remove Ads.
Support Sporcle.
Get the best of Sporcle when you Go Orange. This ad-free experience offers more features, more stats, and more fun while also helping to support Sporcle. Thank you for becoming a member.

You're not logged in!

Compare scores with friends on all Sporcle quizzes.
OR
Log In

Show Comments

Extras

Top Quizzes Today


Score Distribution

Your Account Isn't Verified!

In order to create a playlist on Sporcle, you need to verify the email address you used during registration. Go to your Sporcle Settings to finish the process.

Report this User

Report this user for behavior that violates our Community Guidelines.

Details: